|
|
|
|
| LEADER |
00000cam a22000004a 4500 |
| 001 |
musev2_986 |
| 003 |
MdBmJHUP |
| 005 |
20230905040147.0 |
| 006 |
m o d |
| 007 |
cr||||||||nn|n |
| 008 |
030411s2003 alu o 00 0 eng d |
| 010 |
|
|
|z 2003008305
|
| 020 |
|
|
|a 9780817383718
|
| 020 |
|
|
|z 9780817350406
|
| 020 |
|
|
|z 9780817313678
|
| 035 |
|
|
|a (OCoLC)607038424
|
| 040 |
|
|
|a MdBmJHUP
|c MdBmJHUP
|
| 043 |
|
|
|a n-usu--
|
| 050 |
0 |
4 |
|a E99.C9
|b H3 2003
|
| 082 |
0 |
|
|a 975.004/973
|2 21
|
| 100 |
1 |
|
|a Hawkins, Benjamin,
|d 1754-1816.
|
| 240 |
1 |
0 |
|a Works.
|f 2003
|
| 245 |
1 |
4 |
|a The Collected Works of Benjamin Hawkins, 1796-1810 /
|c edited by Thomas Foster.
|
| 264 |
|
1 |
|a Tuscaloosa :
|b University of Alabama Press,
|c 2003.
|
| 264 |
|
3 |
|a Baltimore, Md. :
|b Project MUSE,
|c 2012
|
| 264 |
|
4 |
|c ©2003.
|
| 300 |
|
|
|a 1 online resource (715 pages):
|b ill., maps (1 folded) ;
|
| 336 |
|
|
|a text
|b txt
|2 rdacontent
|
| 337 |
|
|
|a computer
|b c
|2 rdamedia
|
| 338 |
|
|
|a online resource
|b cr
|2 rdacarrier
|
| 500 |
|
|
|a Includes index.
|
| 500 |
|
|
|a "The current volume contains a facsimile reprint of the original 'Sketch' (1848) and 'Letters' (1916) as published by the G[eorgia] H[istorical] S[ociety]. In addition, two previously unpublished journals are included ... constitute the complete works of Hawkins except for miscellaneous letters scattered in various archives"--Introd.
|
| 505 |
0 |
|
|a Introduction -- A viatory or journal of distances and observations -- A sketch of the Creek country in the years 1798 and 1799 -- Letters of Benjamin Hawkins.
|
| 588 |
|
|
|a Description based on print version record.
|
| 600 |
1 |
0 |
|a Hawkins, Benjamin,
|d 1754-1816
|v Diaries.
|
| 600 |
1 |
0 |
|a Hawkins, Benjamin,
|d 1754-1816
|v Correspondence.
|
| 650 |
|
0 |
|a Indian agents
|z Southern States
|x History
|v Sources.
|
| 650 |
|
0 |
|a Indians of North America
|x Government relations
|y 1789-1869.
|
| 650 |
|
0 |
|a Creek Indians
|x History
|v Sources.
|
| 655 |
|
7 |
|a Electronic books.
|2 local
|
| 700 |
1 |
|
|a Foster, Thomas,
|d 1970-
|
| 710 |
2 |
|
|a Project Muse.
|e distributor
|
| 830 |
|
0 |
|a Book collections on Project MUSE.
|
| 856 |
4 |
0 |
|z Texto completo
|u https://projectmuse.uam.elogim.com/book/986/
|
| 945 |
|
|
|a Project MUSE - Custom Collection
|
| 945 |
|
|
|a Project MUSE - Archive Complete Foundation
|
| 945 |
|
|
|a Project MUSE - Archive US Regional Studies, South Foundation
|
| 945 |
|
|
|a Project MUSE - Archive Native American and Indigenous Studies Foundation
|